00337nam a2200121Ia 4500008004100000041000800041082002000049100003200069245005600101260003200157300000800189502001800197230128s9999 xx 000 0 und d aeng aDIG PR0486bDIG aDighde Rasika C - 2K111032 aCredit Analysis of Loan in Electronica Finance Ltd. c2013bPune UniversityaPune a65p cThite Pradeep